Catálogo
 En Linea

Encuesta nacional de hogares de propósitos múltiples ENHOGAR-2015. (Registro nro. 48450)

Detalles MARC
000 -CABECERA
campo de control de longitud fija 00697nam a2200205 a 4500
003 - IDENTIFICADOR DEL NÚMERO DE CONTROL
campo de control DO-SdBNP
005 - FECHA Y HORA DE LA ÚLTIMA TRANSACCIÓN
campo de control 20220328131138.0
008 - DATOS DE LONGITUD FIJA--INFORMACIÓN GENERAL
campo de control de longitud fija 190508s2016 000 spa d
040 ## - FUENTE DE LA CATALOGACIÓN
Centro catalogador/agencia de origen DO-SdBNP
Lengua de catalogación spa
Centro/agencia transcriptor BNPHU
082 #4 - NÚMERO DE LA CLASIFICACIÓN DECIMAL DEWEY
Número de clasificación 317.293
100 ## - ENTRADA PRINCIPAL--NOMBRE DE PERSONA
Nombre de persona Tactuk, Pablo
9 (RLIN) 5774
245 #0 - MENCIÓN DE TÍTULO
Título Encuesta nacional de hogares de propósitos múltiples ENHOGAR-2015.
260 ## - PUBLICACIÓN, DISTRIBUCIÓN, ETC.
Lugar de publicación, distribución, etc. Santo Domingo,
Fecha de publicación, distribución, etc. 2016.
590 ## - NOTA LOCAL (RLIN)
Nota local Inventariado, 2022/MFF
650 #4 - PUNTO DE ACCESO ADICIONAL DE MATERIA--TÉRMINO DE MATERIA
Término de materia o nombre geográfico como elemento de entrada Encuestas de hogares
Subdivisión geográfica República Dominicana
9 (RLIN) 81380
650 #4 - PUNTO DE ACCESO ADICIONAL DE MATERIA--TÉRMINO DE MATERIA
Término de materia o nombre geográfico como elemento de entrada Seguridad ciudadana
Subdivisión geográfica República Dominicana
9 (RLIN) 81381
650 #4 - PUNTO DE ACCESO ADICIONAL DE MATERIA--TÉRMINO DE MATERIA
Término de materia o nombre geográfico como elemento de entrada Encuestas demográficas
Subdivisión geográfica República Dominicana
9 (RLIN) 81382
910 ## - DATOS DE OPCIÓN DEL USUARIO (OCLC)
Datos de opción del usuario Validado. Control de calidad MFF
942 ## - ELEMENTOS DE PUNTO DE ACCESO ADICIONAL (KOHA)
Fuente del sistema de clasificación o colocación Dewey Decimal Classification
Tipo de ítem Koha Libro

No hay ítems disponibles.

Con tecnología Koha